000 00643nam a2200277Ia 4500
008 210210b2011 xxu||||| |||| 00| 0 eng d
020 _a9788127247126
041 _aeng
082 _a658.15 GUPF
100 _aGUPTA (Shashi K)
245 _aFinancial management: theory and practice Rev Ed 6
250 _a
260 _aLudhiana
_bKalyani Publishers
_c2011
300 _a1399
650 _atheory
650 _aRev
650 _apractice
650 _amanagement
650 _aFinancial
650 _aEd
650 _aand
650 _a6
690 _aFinancial Management
700 _aSHARMA (R K)
906 _a066584
999 _c148081
_d148081